000
00335nam a2200145Ia 4500
005
20260327151728.0
050
_a
QA 76.5.M57/
100
_a
Arthur W. Burks
245
_a
Sequential machines selected papers
260
_a
Addison- wesley publishing company
260
_b
1964
260
_c
266 p
650
_a
BK
942
_c
BK
_2
lcc
999
_c
34681
_d
34681